Η θαλάσσια βιολογία ως λόγος και εικόνα στο αναλυτικό πρόγραμμα και τα σχολικά εγχειρίδια της πρωτοβάθμιας και δευτεροβάθμιας εκπαίδευσης : μια διαθεματική διδακτική προσέγγιση ; διπλωματική εργασία [διδακτορική εργασία]
Saved in:
| Main Author: | |
|---|---|
| Corporate Author: | |
| Format: | Thesis Book |
| Language: | Greek |
| Published: |
2016.
|
| Subjects: | |
| Online Access: | http://hdl.handle.net/11610/17206 |
| Tags: |
Add Tag
No Tags, Be the first to tag this record!
|
MARC
| LEADER | 00000cam a2200000 a 4500 | ||
|---|---|---|---|
| 001 | 1/113411 | ||
| 008 | 170316s2016####gr | ||| |||| ||gre|| | ||
| 040 | |a GR-MyUa |b gre |c GR-MyUa |e AACR2 | ||
| 041 | 0 | |a gre | |
| 082 | 7 | |a 372.357 |2 (23) | |
| 100 | 1 | |a Μυρωνάκη, Άννα. | |
| 245 | 1 | 2 | |a Η θαλάσσια βιολογία ως λόγος και εικόνα στο αναλυτικό πρόγραμμα και τα σχολικά εγχειρίδια της πρωτοβάθμιας και δευτεροβάθμιας εκπαίδευσης : |b μια διαθεματική διδακτική προσέγγιση ; διπλωματική εργασία [διδακτορική εργασία] / |c Μυρωνάκη Άννα ; επιβλέπων καθηγητής: Πολεμικός Νικήτας. |
| 260 | |c 2016. | ||
| 300 | |a 300 σ. : |b πίν., διαγρ. ; |c 30 εκ. | ||
| 500 | |a Μέλη εξεταστικής επιτροπής: Κουτσούμπας Δρόσος, Θεοδωροπούλου Έλενα, Καΐλα Μαρία, Ανδρεαδάκης Νικόλαος, Παπαβασιλείου Βασίλειος, Μόγιας Αθανάσιος. | ||
| 502 | # | # | |a Διατριβή (διδακτορική) – Πανεπιστήμιο Αιγαίου, Ρόδος, 2016. |
| 504 | |a Βιβλιογραφία: σ. 268-278. | ||
| 506 | 1 | |a Πλήρες κείμενο - Ελεύθερη δημοσίευση - Κλειδωμένη η δυνατότητα αντιγραφής. | |
| 650 | 0 | |a Environmental education |z Greece |x Curricula. | |
| 650 | 0 | |a Education, Primary |z Greece. | |
| 650 | 0 | |a Marine biology. | |
| 650 | 0 | |a Environmental education |x Study and teaching |z Greece. | |
| 650 | 0 | |a Marine ecology. | |
| 650 | 0 | |a Marine resources conservation. | |
| 700 | 1 | |a Πολεμικός, Νικήτας Ε. |e dgs | |
| 710 | 2 | |a Πανεπιστήμιο Αιγαίου |b Σχολή Ανθρωπιστικών Επιστημών |b Τμήμα Επιστημών της Προσχολικής Αγωγής και του Εκπαιδευτικού Σχεδιασμού. | |
| 852 | |a INST |b RHODES |c DIATR |e 20170316 |h 372.357 ΜΥΡ |p 005400039195 |q 005400039195 |t PHD |y 23 | ||
| 856 | |u http://hdl.handle.net/11610/17206 | ||
| 924 | |a Μυρωνάκη |b Άννα |y Ρόδος |z 2016-11 | ||
| 970 | |z 16-03-2017 | ||